000 00338nam a22001457a 4500
008 210521b ||||| |||| 00| 0 eng d
020 _a9780813343846
041 _aeng
080 _25th
_a61
082 _a61
100 _a4
101 _aSHM
245 _aMedical Anthropology in Ecological Perspective
_cElroy,A.M
942 _2udc
_cBK
999 _c57568
_d57568